banner-ar

الامبراطورية العثمانية وعلاقتها الدولية فى ثلاثينيات واربعينيات القرن التاسع عشر / (Record no. 64323)

MARC details
000 -الفاتح
حقل البيانات ثابتة الطول 01312nam a22002657a 4500
005 - وقت وتاريخ اخر تعامل مع التسجيلة
رقم الضبط 20240530110725.0
008 - عناصر البيانات ثابتة الطول - معلومات عامة
حقل البيانات ثابتة الطول 180419s2012 ua g b 001 0 ara d
017 ## - رقم الايداع القانونى
رقم الايداع القانونى 2012/15811
المصدر ( الهيئة المختصة) مصر. دار الكتب
020 ## - الرقم الدولى المعيارى للكتب
الرقم الدولى المعيارى للكتاب 9789774480317
040 ## - مصدر الفهرسة
وكالة الفهرسة الأصلية EG-CaGPL
وكالة النسخ EG-CaGPL
082 04 - رقم تصنيف ديوى العشرى
رقم الطبعة 21
رقم التصنيف 953.09 /
رقم المادة د إ
100 1# - المدخل الرئيسى - إسم شخصى
الإسم الشخصى دولينا، نينل الكسندروفنا
245 12 - بيان العنوان
العنوان الامبراطورية العثمانية وعلاقتها الدولية فى ثلاثينيات واربعينيات القرن التاسع عشر /
بيان المسئوليه,etc تاليف نينل الكسندروفنا دولينا ؛ ترجمة انور محمد ابراهيم
260 ## - PUBLICATION, DISTRIBUTION, ETC. (IMPRINT)
تاريخ النشر أو التوزيع 2012.
300 ## - الوصف المادى
التعداد 175 ص. ؛
أبعاد الوعاء 24 سم.
504 ## - تبصرة ببليوجرافية
تبصرة ببليوجرافية,الخ يشتمل على ارجاعات ببليوجرافية
650 07 - المدخل الاضافى بالموضوع-مصطلح موضوعى
مصدر الرأس أو المصطلح qrmak
مصطلح موضوعي الامبراطورية العثمانية
650 07 - المدخل الاضافى بالموضوع-مصطلح موضوعى
مصدر الرأس أو المصطلح qrmak
مصطلح موضوعي الامبراطورية العثمانية
التقسيم الفرعي الشكلي وثائق روسية
650 07 - المدخل الاضافى بالموضوع-مصطلح موضوعى
مصدر الرأس أو المصطلح qrmak
مصطلح موضوعي العالم العربى
التقسيم الفرعي العام تاريخ
التقسيم الفرعي الزمني العصر العثمانى
651 ## - المدخل الاضافى بالموضوع - اسم جغرافى
مصدر الرأس أو المصطلح qrmak
653 0# - مصطلح تكشيفى غير مقيد
مصطلح غير مقيد قاموس المصطلحات العثمانية
700 0# - المدخل الاضافى - اسم شخصى
الإسم الشخصى انور محمد ابراهيم
الدور مترجم
942 ## - عناصر المدخل الإضافي( كوها)
مصدر التصنيف او مخطط الترفيف Dewey Decimal Classification
Koha [default] item type كتاب
260 ## - PUBLICATION, DISTRIBUTION, ETC. (IMPRINT)
-- القاهرة :
-- الهيئة المصرية العامة للكتاب ،
Holdings
حالة التراجع حالة الفقد حالة تلف ليس للاعارة المكان المؤقت الموقع الحالى موقع الترفيف تاريخ الاكتساب اجمالي اﻻعارات رقم الطلب الباركود تاريخ اخر مشاهدة تاريخ تفعيل السعر نوع وعاء كوها
        مكتبة القاهرة الكبرى مكتبة القاهرة الكبرى القاعة الرئيسية 04/19/2018   953.09 / د إ 164502 04/19/2018 04/19/2018 كتاب

Powered By

EGPV